[Event "Guingamp op 14th"]
[Site "Guingamp"]
[Date "2010.02.20"]
[Round "2"]
[White "Crouan, Stephane"]
[Black "Sanvoisin, Corentin"]
[Result "1/2-1/2"]
[WhiteElo "2229"]
[BlackElo "1866"]
[PlyCount "129"]
[EventDate "2010.02.19"]
[EventType "swiss"]
[EventRounds "9"]
[EventCountry "FRA"]
[SourceTitle "CBM 135 Extra"]
[Source "ChessBase"]
[SourceDate "2010.05.04"]
[SourceVersion "1"]
[SourceVersionDate "2010.05.04"]
[SourceQuality "1"]

1. e4 c5 2. Nf3 d6 3. d4 cxd4 4. Nxd4 Nf6 5. Nc3 a6 6. Bg5 e6 7. f4 Be7 8. Qf3 Qc7 9. 0-0-0 b5 10. Bxf6 gxf6 11. g4 b4 12. Nce2 Bb7 13. Ng3 Nd7 14. Kb1 Rc8 15. Bd3 Nc5 16. f5 e5 17. Nde2 Nxd3 18. cxd3 0-0 19. Rc1 Qa5 20. g5 b3 21. a3 Kh8 22. gxf6 Bxf6 23. Qe3 Rg8 24. Rxc8 Bxc8 25. h4 d5 26. Nh5 Be7 27. Rg1 Rxg1+ 28. Qxg1 Bf8 29. Nf6 Bg7 30. Nxd5 Bxf5 31. Qa7 Qe1+ 32. Nc1 Bh6 33. Qb8+ Kg7 34. Qxe5+ Kg8 35. Qc3 Bd2 36. Qc6 Be6 37. Nc7 Bd7 38. Qc5 Qd1 39. Nd5 Bb5 40. Ne7+ Kg7 41. Nf5+ Kg6 42. h5+ Qxh5 43. Ne7+ Kh6 44. Qd6+ Kg5 45. Nxb3 Bf4 46. Qc5+ Kg4 47. Qg1+ Bg3 48. Nc5 Qh2 49. Qd1+ Kg5 50. e5 Bxe5 51. Ne4+ Kf4 52. Qf1+ Kg4 53. Qf5+ Kh4 54. Qxh7+ Kg4 55. Qf5+ Kh4 56. Qg5+ Kh3 57. Qe3+ Kg2 58. Nf5 Qg1+ 59. Qxg1+ Kxg1 60. Kc2 Bd7 61. Ne3 f5 62. Ng5 Bc7 63. Nd5 Bd8 64. Nf7 Be6 65. Nd6 1/2-1/2

[Event "Rennes op 2nd"]
[Site "Rennes"]
[Date "2009.07.18"]
[Round "4"]
[White "Sanvoisin, Corentin"]
[Black "Collier, Timothy"]
[Result "0-1"]
[WhiteElo "1855"]
[BlackElo "1920"]
[PlyCount "102"]
[EventDate "2009.07.15"]
[EventType "swiss"]
[EventRounds "9"]
[EventCountry "FRA"]
[SourceTitle "EXT 2011"]
[Source "ChessBase"]
[SourceDate "2010.11.26"]
[SourceVersion "1"]
[SourceVersionDate "2010.11.26"]
[SourceQuality "1"]

1. e4 c6 2. d4 d5 3. Nc3 dxe4 4. Nxe4 Bf5 5. Ng3 Bg6 6. h4 h6 7. Nf3 e6 8. Bd3 Bxd3 9. Qxd3 Nd7 10. Bf4 Qa5+ 11. Bd2 Bb4 12. Ne4 Ngf6 13. Nd6+ Ke7 14. Nc4 Bxd2+ 15. Nfxd2 Qc7 16. 0-0-0 Rhd8 17. Rhe1 Kf8 18. Ne4 Nxe4 19. Qxe4 Nf6 20. Qf3 c5 21. Qa3 b5 22. Ne5 b4 23. Qg3 Rac8 24. dxc5 Qxc5 25. Rxd8+ Rxd8 26. Nd3 Qa5 27. Kb1 b3 28. axb3 Rxd3 29. Qb8+ Rd8 30. Re5 Qb6 31. Qxb6 axb6 32. Rb5 Nd7 33. c4 Rc8 34. Kc2 Rc5 35. Rxc5 bxc5 36. Kc3 Ke7 37. b4 Kd6 38. f3 e5 39. bxc5+ Nxc5 40. b4 Nd7 41. g4 g6 42. Kd3 f6 43. Ke4 Ke6 44. Ke3 f5 45. Kd3 fxg4 46. fxg4 h5 47. g5 Kf5 48. c5 Kf4 49. Kc4 e4 50. Kb5 Ne5 51. c6 Nxc6 0-1

[Event "Bretagne-ch U14"]
[Site "Sarzeau"]
[Date "2006.02.23"]
[Round "4"]
[White "Sanvoisin, Corentin"]
[Black "Robin, Ewen"]
[Result "1-0"]
[WhiteElo "1560"]
[BlackElo "1330"]
[PlyCount "79"]
[EventDate "2006.02.21"]
[EventType "swiss"]
[EventRounds "6"]
[EventCountry "FRA"]
[SourceTitle "EXT 2007"]
[Source "ChessBase"]
[SourceDate "2006.11.23"]
[SourceVersion "1"]
[SourceVersionDate "2006.11.23"]
[SourceQuality "1"]

1. e4 d5 2. exd5 Qxd5 3. Nc3 Qa5 4. Nf3 e5 5. b3 Bb4 6. Bb2 Nf6 7. Qe2 Nc6 8. Qb5 a6 9. Qxa5 Bxa5 10. Bd3 0-0 11. 0-0-0 Bxc3 12. Bxc3 e4 13. Bxf6 exd3 14. Bc3 dxc2 15. Kxc2 Bg4 16. Rhg1 Bxf3 17. gxf3 g6 18. h4 b5 19. Rg5 b4 20. Bb2 a5 21. Rc5 Ra6 22. h5 Rc8 23. Re1 Na7 24. Kb1 Re6 25. Rxe6 fxe6 26. Rxa5 Nc6 27. Rc5 Ne7 28. hxg6 Nxg6 29. a3 bxa3 30. Bxa3 e5 31. Bb2 Kg7 32. f4 h5 33. fxe5 h4 34. e6+ Kh6 35. e7 Nxe7 36. Be5 c6 37. f3 h3 38. Rc1 Kg6 39. Rh1 Rh8 40. Bxh8 1-0

[Event "FRA-chT4 0506"]
[Site "Bretagne"]
[Date "2005.12.04"]
[Round "3"]
[White "Coent, Yann"]
[Black "Sanvoisin, Corentin"]
[Result "1-0"]
[WhiteElo "1910"]
[BlackElo "1550"]
[PlyCount "63"]
[EventDate "2005.10.16"]
[EventType "team"]
[EventRounds "7"]
[EventCountry "FRA"]
[SourceTitle "EXT 2007"]
[Source "ChessBase"]
[SourceDate "2006.11.23"]
[SourceVersion "1"]
[SourceVersionDate "2006.11.23"]
[SourceQuality "1"]

1. d4 d5 2. Nf3 Bf5 3. e3 Nc6 4. Bb5 Bd7 5. 0-0 Nf6 6. Nbd2 g6 7. Re1 a6 8. Ba4 b5 9. Bb3 Bg7 10. c3 0-0 11. e4 dxe4 12. Nxe4 Nxe4 13. Rxe4 Bf5 14. Re1 Re8 15. Bf4 e6 16. h3 e5 17. Nxe5 Nxe5 18. Bxe5 Bxe5 19. Rxe5 Rxe5 20. dxe5 Qg5 21. Bxf7+ Kg7 22. Bd5 Rd8 23. Qf3 Rf8 24. Be4 Qd2 25. Bxf5 Rxf5 26. Rd1 Qg5 27. Qc6 Rf7 28. Qe4 Rf4 29. Qe3 Qf5 30. Re1 Qf8 31. e6 Rf6 32. Rd1 1-0

[Event "FRA-chT3 0405"]
[Site "France"]
[Date "2005.04.02"]
[Round "8"]
[White "Sanvoisin, Corentin"]
[Black "Baudon, Andrew"]
[Result "0-1"]
[WhiteElo "1500"]
[BlackElo "1780"]
[PlyCount "84"]
[EventDate "2004.10.10"]
[EventType "team"]
[EventRounds "9"]
[EventCountry "FRA"]
[SourceTitle "EXT 2007"]
[Source "ChessBase"]
[SourceDate "2006.11.23"]
[SourceVersion "1"]
[SourceVersionDate "2006.11.23"]
[SourceQuality "1"]

1. e4 e5 2. Nf3 d6 3. Bc4 Be7 4. c3 Nf6 5. d3 h6 6. Be3 0-0 7. Nbd2 c6 8. d4 d5 9. exd5 e4 10. Ne5 cxd5 11. Bb3 Be6 12. 0-0 Nbd7 13. f4 Nxe5 14. fxe5 Nh7 15. Qc2 Bg5 16. Rae1 Bh4 17. Bf2 Bxf2+ 18. Rxf2 Qg5 19. Nxe4 dxe4 20. Bxe6 fxe6 21. Qxe4 Rxf2 22. Kxf2 Qf5+ 23. Qf3 Qxf3+ 24. Kxf3 Ng5+ 25. Ke3 Rf8 26. h4 Nf7 27. Ke4 Nd8 28. Re2 Kf7 29. Rf2+ Ke7 30. Rxf8 Kxf8 31. c4 Ke7 32. d5 g6 33. g4 b6 34. b4 Nb7 35. Kd4 Nd8 36. c5 exd5 37. Kxd5 bxc5 38. bxc5 Kd7 39. a4 a5 40. Kc4 Kc6 41. h5 gxh5 42. gxh5 Ne6 0-1